000 00998nam a2200325 i 4500
003 EG-GICUC
005 20260414194033.0
008 260414s1984 nyua|||fr|||| 00| 0 eng d
020 _a0123707536
040 _aEG-GiCUC
_beng
_cEG-GiCUC
_dEG-GiCUC
_erda
082 0 4 _221
_a343.93
_bIN . C
092 0 4 _221
099 _aLaw1 10 343.93 lN. C 1984
100 1 _aInciardi, James A.
_eAuthor.
245 1 0 _aCriminal Justice /
_cJames A. Inciardi.
264 1 _aNew York :
_bHarcourt Brace Jovanovich,
_c1984.
264 3 _aAmerica :
_bUnited States
300 _a50 pages :
_billustrations;
_c24 cm.
336 _2rda content
_atext
337 _2rda media
_aComputer
338 _2rda carrier
_aOnline Resource
500 _aTransparency Masters for
546 _aText in English
650 1 _aPolitique Criminelle
_2qrmak
650 1 _aCriminal w
_2qrmak
651 1 _2qrmak
856 4 0 _uhttps://fll.law.cu.edu.eg/fulltext/bks/B10-09298.pdf
905 _a54
942 _2ddc
_cBK
_e21
_n0
999 _c70977
_d70977